<?xml version="1.0" encoding="UTF-8"?>
<record
    xmlns:xsi="http://www.w3.org/2001/XMLSchema-instance"
    xsi:schemaLocation="http://www.loc.gov/MARC21/slim http://www.loc.gov/standards/marcxml/schema/MARC21slim.xsd"
    xmlns="http://www.loc.gov/MARC21/slim">

  <leader>01190nam a22002897a 4500</leader>
  <controlfield tag="003">KOHA_M&#x130;RAKIL</controlfield>
  <controlfield tag="005">20260511063432.0</controlfield>
  <controlfield tag="008">260507b        tu ||||| |||| 00| 0 tur d</controlfield>
  <datafield tag="020" ind1=" " ind2=" ">
    <subfield code="a">9789755334011</subfield>
  </datafield>
  <datafield tag="040" ind1=" " ind2=" ">
    <subfield code="a">TR-AnABB</subfield>
    <subfield code="b">tur</subfield>
    <subfield code="c">TR-AnABB</subfield>
  </datafield>
  <datafield tag="041" ind1=" " ind2=" ">
    <subfield code="a">tur</subfield>
  </datafield>
  <datafield tag="082" ind1=" " ind2=" ">
    <subfield code="a">909.03</subfield>
    <subfield code="b">BRA 2004</subfield>
  </datafield>
  <datafield tag="100" ind1="1" ind2=" ">
    <subfield code="a">Braudel, Fernand</subfield>
  </datafield>
  <datafield tag="245" ind1="1" ind2="0">
    <subfield code="a">Maddi uygarl&#x131;k :</subfield>
    <subfield code="b">d&#xFC;nyan&#x131;n zaman&#x131; /</subfield>
    <subfield code="c">Fernand Braudel ; Frans&#x131;zca asl&#x131;ndan &#xE7;eviren : Mehmet Ali K&#x131;l&#x131;&#xE7;bay</subfield>
  </datafield>
  <datafield tag="246" ind1=" " ind2=" ">
    <subfield code="a">Ekonomi ve kapitalizm XV-XVII y&#xFC;zy&#x131;llar</subfield>
  </datafield>
  <datafield tag="246" ind1=" " ind2=" ">
    <subfield code="a">Maddi uygarl&#x131;k</subfield>
  </datafield>
  <datafield tag="250" ind1=" " ind2=" ">
    <subfield code="a">3. bask&#x131;</subfield>
  </datafield>
  <datafield tag="260" ind1=" " ind2=" ">
    <subfield code="a">Ankara :</subfield>
    <subfield code="b">&#x130;mge Kitabevi,</subfield>
    <subfield code="c">2017</subfield>
  </datafield>
  <datafield tag="300" ind1=" " ind2=" ">
    <subfield code="a">607 sayfa ;</subfield>
    <subfield code="c">20 cm</subfield>
  </datafield>
  <datafield tag="500" ind1=" " ind2=" ">
    <subfield code="a">Orjinal eserad&#x131;: Civilisation materielle economie et capitalisme</subfield>
  </datafield>
  <datafield tag="500" ind1=" " ind2=" ">
    <subfield code="a">Dizin vard&#x131;r</subfield>
  </datafield>
  <datafield tag="505" ind1=" " ind2=" ">
    <subfield code="a">&#x130;&#xE7;indekiler: Avrupa'da zaman&#x131;n ve mekan&#x131;n b&#xF6;l&#xFC;mleri - Avrupa'da kent egemenli&#x11F;indeki eski ekonomiler: Venedik'ten &#xF6;nce ve sonra - Ulusal pazarlar - D&#xFC;nya Avrupa'dan yana ya da Avrupa'ya kar&#x15F;&#x131; - End&#xFC;stri devrimi ve b&#xFC;y&#xFC;me </subfield>
  </datafield>
  <datafield tag="650" ind1="0" ind2="4">
    <subfield code="a">Uygarl&#x131;k tarihi, Orta&#xE7;a&#x11F;</subfield>
  </datafield>
  <datafield tag="700" ind1="1" ind2=" ">
    <subfield code="a">K&#x131;l&#x131;&#xE7;bay, Mehmet Ali,</subfield>
    <subfield code="e">&#xE7;eviren</subfield>
    <subfield code="9">3603</subfield>
  </datafield>
  <datafield tag="900" ind1=" " ind2=" ">
    <subfield code="b">Can &#xC7;ELIK</subfield>
  </datafield>
  <datafield tag="942" ind1=" " ind2=" ">
    <subfield code="2">ddc</subfield>
    <subfield code="c">BK</subfield>
  </datafield>
  <datafield tag="952" ind1=" " ind2=" ">
    <subfield code="0">0</subfield>
    <subfield code="1">0</subfield>
    <subfield code="2">ddc</subfield>
    <subfield code="7">0</subfield>
    <subfield code="a">RUK</subfield>
    <subfield code="b">RUK</subfield>
    <subfield code="d">2026-05-07</subfield>
    <subfield code="l">0</subfield>
    <subfield code="o">909.03 BRA 2004</subfield>
    <subfield code="p">RK8252</subfield>
    <subfield code="r">2026-05-07 06:57:42</subfield>
    <subfield code="w">2026-05-07</subfield>
    <subfield code="y">BK</subfield>
  </datafield>
  <datafield tag="999" ind1=" " ind2=" ">
    <subfield code="c">10359</subfield>
    <subfield code="d">10359</subfield>
  </datafield>
</record>
